[Event "Buenos Aires Bandera Rosario"]
[Site "Buenos Aires"]
[Date "2023.06.22"]
[Round "7"]
[White "Castro Salgado, Pablo Alonso"]
[Black "Abramor, Franco"]
[Result "0-1"]
[WhiteElo "2285"]
[BlackElo "2080"]
[PlyCount "59"]
[EventDate "2023.06.19"]
[EventType "tourn"]
[EventRounds "9"]
[EventCountry "ARG"]
[EventCategory "2"]
[SourceTitle "CBM 215 Extra"]
[Source "ChessBase"]
[SourceDate "2023.09.30"]
[SourceVersion "1"]
[SourceVersionDate "2023.09.30"]
[SourceQuality "1"]

1. d4 Nf6 2. c4 g6 3. Nf3 Bg7 4. g3 0-0 5. Bg2 c5 6. d5 d6 7. Nc3 h6 8. 0-0 e5 9. e4 a6 10. a4 Nh5 11. Ne1 Qe8 12. Nd3 f5 13. f4 exf4 14. Nxf4 Nxf4 15. Bxf4 Qd8 16. exf5 g5 17. Be3 Bxf5 18. Qh5 Nd7 19. h4 Qe8 20. Qe2 gxh4 21. gxh4 Ne5 22. Rae1 Bg4 23. Qc2 Qh5 24. Bf4 Nf3+ 25. Bxf3 Rxf4 26. Be4 Bd4+ 27. Kg2 Bh3+ 28. Kh2 Bxf1 29. Rxf1 Rxh4+ 30. Kg2 0-1

[Event "Buenos Aires Bandera Rosario"]
[Site "Buenos Aires"]
[Date "2023.06.21"]
[Round "5"]
[White "Castro Salgado, Pablo Alonso"]
[Black "Romero Barreto, Jaime Jose"]
[Result "1/2-1/2"]
[WhiteElo "2285"]
[BlackElo "2361"]
[PlyCount "131"]
[EventDate "2023.06.19"]
[EventType "tourn"]
[EventRounds "9"]
[EventCountry "ARG"]
[EventCategory "2"]
[SourceTitle "CBM 215 Extra"]
[Source "ChessBase"]
[SourceDate "2023.09.30"]
[SourceVersion "1"]
[SourceVersionDate "2023.09.30"]
[SourceQuality "1"]

1. d4 Nf6 2. Nc3 d6 3. e4 e5 4. dxe5 dxe5 5. Qxd8+ Kxd8 6. Bc4 Ke8 7. Nf3 Bd6 8. Be3 a6 9. 0-0-0 b5 10. Bb3 Be6 11. Bxe6 fxe6 12. Ng5 Ke7 13. f3 Nc6 14. Nh3 Na5 15. b3 Rhd8 16. Nf2 c5 17. Kb2 Rdc8 18. a3 Nc6 19. a4 b4 20. Nb1 Na5 21. Nd2 c4 22. Bb6 Nxb3 23. Nxb3 cxb3 24. cxb3 Rc3 25. Nd3 Rac8 26. Rd2 Nd7 27. Bf2 Bc5 28. Nxc5 Nxc5 29. Bxc5+ R8xc5 30. Rhd1 Kf6 31. Re1 h5 32. h4 Rc6 33. Red1 g5 34. hxg5+ Kxg5 35. Rg1 Kf4 36. Rgd1 Ke3 37. g4 hxg4 38. fxg4 Kxe4 39. g5 Re3 40. Rg1 Rcc3 41. Rg4+ Kf5 42. Rxb4 Kxg5 43. Rg2+ Kf5 44. Rb8 e4 45. Rf8+ Ke5 46. Rg5+ Kd6 47. Rb8 Rc6 48. Rb4 Re2+ 49. Ka3 e5 50. Rb7 Kd5 51. Rd7+ Rd6 52. Re7 Re6 53. Rd7+ Rd6 54. Re7 e3 55. Rgxe5+ Kd4 56. b4 Re1 57. b5 axb5 58. axb5 Kd3 59. Kb4 Kd2 60. Kc5 Rd3 61. Kc6 Rb1 62. b6 Rdb3 63. Kc7 Rxb6 64. Rxe3 Rb7+ 65. Kc6 Rxe7 66. Rxe7 1/2-1/2

[Event "Vicente Lopez ProAm 100 Years op"]
[Site "Buenos Aires"]
[Date "2022.10.14"]
[Round "4"]
[White "Castro Salgado, Pablo Alonso"]
[Black "Oviedo Acosta, Paula"]
[Result "0-1"]
[WhiteElo "2056"]
[BlackElo "1755"]
[PlyCount "128"]
[EventDate "2022.10.11"]
[EventType "swiss"]
[EventRounds "9"]
[EventCountry "ARG"]
[SourceTitle "CBM 210 Extra"]
[Source "ChessBase"]
[SourceDate "2022.11.30"]
[SourceVersion "1"]
[SourceVersionDate "2022.11.30"]
[SourceQuality "1"]

1. d4 Nf6 2. c4 c5 3. d5 e6 4. Nc3 exd5 5. cxd5 d6 6. e4 g6 7. Nf3 Bg7 8. Be2 0-0 9. Nd2 Re8 10. 0-0 b6 11. Re1 Ba6 12. Bxa6 Nxa6 13. Nc4 Nc7 14. a4 Bf8 15. Bg5 h6 16. Bh4 Rb8 17. Qf3 g5 18. Bg3 b5 19. Na5 Bg7 20. Nc6 Qd7 21. Nxb8 Rxb8 22. axb5 Nxb5 23. Nxb5 Rxb5 24. b3 Ng4 25. Ra3 Bd4 26. h3 Ne5 27. Qe2 Rb4 28. Qa6 g4 29. hxg4 Qxg4 30. Kf1 Bc3 31. Bxe5 Bxe5 32. f3 Qh4 33. Qc8+ Kg7 34. Qg4+ Qxg4 35. fxg4 Kg6 36. Re3 f6 37. Rxa7 c4 38. Ra3 Bd4 39. Rf3 c3 40. Ke2 c2 41. Rf1 Bb2 42. Raa1 Rxb3 43. Rac1 Bxc1 44. Rxc1 Rg3 45. Kf2 Rc3 46. Ke2 Kg5 47. Kd2 Rc5 48. Kd3 Kxg4 49. Ke2 Kg3 50. Kf1 Kf4 51. Ke2 Kxe4 52. Kd2 Kd4 53. g4 Ke4 54. Re1+ Kxd5 55. Kc1 Rc4 56. Rh1 Ke5 57. Rh5+ Kf4 58. Rxh6 Kg5 59. Rh5+ Kxg4 60. Rd5 Rc6 61. Rd4+ Kf3 62. Rd3+ Ke4 63. Rh3 f5 64. Rh5 f4 0-1

[Event "CHI-ch U20"]
[Site "Quirihue"]
[Date "2022.01.20"]
[Round "7"]
[White "Castro Salgado, Pablo Alonso"]
[Black "Palma Munoz, Oscar"]
[Result "1-0"]
[WhiteElo "1838"]
[BlackElo "1587"]
[PlyCount "47"]
[EventDate "2022.01.17"]
[EventType "swiss"]
[EventRounds "9"]
[EventCountry "CHI"]
[SourceTitle "CBM 206 Extra"]
[Source "ChessBase"]
[SourceDate "2022.03.31"]
[SourceVersion "1"]
[SourceVersionDate "2022.03.31"]
[SourceQuality "1"]

1. d4 Nf6 2. c4 g6 3. Nc3 Bg7 4. Nf3 0-0 5. g3 d6 6. Bg2 c5 7. 0-0 e6 8. dxc5 dxc5 9. Qxd8 Rxd8 10. Be3 Na6 11. Rfd1 Re8 12. Rac1 Ng4 13. Bd2 Rb8 14. h3 Ne5 15. Nxe5 Bxe5 16. Bf4 Bxf4 17. gxf4 e5 18. Ne4 Kg7 19. Nd6 Re7 20. fxe5 Nb4 21. f4 Nc6 22. e3 Bd7 23. Ne4 b6 24. Nf6 1-0

[Event "CHI-ch U20"]
[Site "Quirihue"]
[Date "2022.01.19"]
[Round "4"]
[White "Castro Salgado, Pablo Alonso"]
[Black "Amigo Quintana, Antu"]
[Result "1/2-1/2"]
[WhiteElo "1838"]
[BlackElo "1844"]
[PlyCount "81"]
[EventDate "2022.01.17"]
[EventType "swiss"]
[EventRounds "9"]
[EventCountry "CHI"]
[SourceTitle "CBM 206 Extra"]
[Source "ChessBase"]
[SourceDate "2022.03.31"]
[SourceVersion "1"]
[SourceVersionDate "2022.03.31"]
[SourceQuality "1"]

1. d4 Nf6 2. Nf3 e6 3. c4 d5 4. Nc3 Bb4 5. Bg5 dxc4 6. e4 b5 7. a4 c6 8. e5 h6 9. exf6 hxg5 10. fxg7 Rg8 11. g3 Rxg7 12. Bg2 Bb7 13. Ne5 Qc7 14. Qh5 Nd7 15. Qh8+ Bf8 16. 0-0 Nxe5 17. dxe5 b4 18. Ne4 0-0-0 19. Rfd1 Rg6 20. Bf3 Be7 21. Rxd8+ Qxd8 22. Qxd8+ Kxd8 23. Rc1 c5 24. Rxc4 Bd5 25. Rc1 g4 26. Bg2 Bxe4 27. Bxe4 Rg5 28. b3 Rxe5 29. Bd3 Rd5 30. Bc4 Rd2 31. Re1 Bf6 32. Re2 Rd1+ 33. Kg2 Bd4 34. h3 gxh3+ 35. Kxh3 Rc1 36. Rd2 Kc7 37. Ra2 a5 38. Kg4 Kd6 39. Kf4 Rc3 40. Re2 Rc1 41. Ke4 1/2-1/2

[Event "Villa Alemana op"]
[Site "Villa Alemana"]
[Date "2020.02.22"]
[Round "2.3"]
[White "Castro Salgado, Pablo Alonso"]
[Black "Mella, Leonardo"]
[Result "1-0"]
[WhiteElo "1636"]
[BlackElo "2083"]
[PlyCount "65"]
[EventDate "2020.02.22"]
[EventType "swiss"]
[EventRounds "5"]
[EventCountry "CHI"]
[SourceTitle "EXT 2024"]
[Source "ChessBase"]
[SourceDate "2023.10.10"]
[SourceVersion "1"]
[SourceVersionDate "2023.10.10"]
[SourceQuality "1"]

1. Nf3 c5 2. c4 Nc6 3. g3 g6 4. Bg2 Bg7 5. Nc3 e5 6. d3 Nge7 7. Rb1 0-0 8. 0-0 d6 9. a3 a5 10. Ne1 Be6 11. Nc2 d5 12. cxd5 Nxd5 13. Ne3 Nxc3 14. bxc3 Qd7 15. Qa4 Nd4 16. Qd1 Nb5 17. Qc2 Nd6 18. c4 Rab8 19. Bd2 b6 20. Bc3 Nf5 21. Nxf5 Bxf5 22. Rb5 Qd6 23. Rfb1 Bd7 24. R5b2 Rfc8 25. Qd2 Bf6 26. Qh6 Bd8 27. f4 f6 28. Bd5+ Kh8 29. Bf7 Bc7 30. Bxg6 Qe7 31. fxe5 fxe5 32. Rf1 Rg8 33. Rf7 1-0